00333pab a2200121 454500008004000000100002100040245007100061260000900132300001200141362001200153650002800165773001800193180718b2001 xxu||||| |||| 00| 0 eng d aMansingh, Surjit aChina and the World in the twenty-first century a multipolar world c2001 ap.58-63 aOct-Dec aInternational relations aWorld Affairs